000 00539nam a2200205Ia 4500
005 20250515134317.0
008 131103s9999 xx 000 0 und d
040 _aLoreto College
041 _aEnglish
082 _a900
_bWAR
100 _aWarner, George Townsend
245 2 _aA brief survey of British history
_cGeorge Townsend Warner
260 _aLondon
_bBlackie
_c1949
300 _aviii,302p.
_b ill., maps
504 _aIncludes index
650 _aHistory
651 _aBritish - History
850 _aLCBED
942 _cBK
999 _c28894
_d79373